Регионална библиотека "Любен Каравелов" - Русе

Ausgewahlte Werke in drei Banden (Запис номер 478684)

MARC детайли
000 -Лидер
Контролно поле с фиксирана дължина nam a22 a 4500
003 - Код на организацията, давaща контролен номер
Контролно поле BLK
005 - Дата и час на последна редакция
Контролно поле 20221103103345.0
008 - Елементи от данни с фиксирана дължина
fixed length control field 180411b bul|||||r ||||||| ||bul||
040 ## - Източник на каталожния запис
Идентификатор на билиотеката - собственик на записа BLK
041 ## - Код за език
Код за езика на текст/звукозапис или на отделно заглавие Немски
Код за езика КДБФ Немски
080 ## - УДК
Текстов определител УДК Комунистически партии. Вж и 327.323
УДК код - определител по УДК 329.15
УДК определител (081)(497.2)
УДК - код + определител 329.15(081)(497.2)
100 ## - Редна дума - Автор
R(LIN) 475902
Автор Dimitroff, Georgi
Авторска отговорност първи автор
139 ## - Редно поле
Редна дума Dimitroff, Georgi
245 10 - Сведения за заглавието
Заглавие Ausgewahlte Werke in drei Banden
Редно поле (дума) Georgi Dimitroff; [прев. от бълг.].
Том B. 2
257 ## - Страна на издаване
Страна на създаване/издаване България
260 ## - Област на издателските данни
Място на издаване, разпространение и проч. Sofia
Име на издателя, разпространителя и проч. Sofia-Press
Година на издаване 1976
9 (RLIN) 217007
300 ## - Физическа характеристика
Размери/Мащаб 21 см
380 ## - Жанр
Жанр Обществени науки
600 #0 - Име на лице, използвано като предмет
За него / За нея Димитров, Георги
9 (RLIN) 246718
650 #0 - Допълнително описание по предмет – тема
9 (RLIN) 404720
Основно описание – тема или топоним Комунистически партии - България - дейци
653 #7 - Ключова дума – ненормативна
9 (RLIN) 188971
Ключова дума комунизъм
653 #0 - Ключова дума – ненормативна
9 (RLIN) 395631
Ключова дума избрани съчинения
700 ## - Други автори (авторска отговорност)
9 (RLIN) 1040
Автороска отговорност (Описва отношението между автора и произведението) прев. от бълг.
760 ## - Описание на основната серия
Редна дума на основното описание Dimitroff, Georgi
Място на издаване, издател и година Sofia, 1976
Страници - том 539 с. : 1 л. портр.
Част - том B. 2
Заглавие Ausgewahlte Werke in drei Banden
852 ## - Местоположение
Форматна сигнатура Цб 86634
Фондова буква Хранилище
856 ## - Електронен адрес и достъп
Инструкция (цена за достъп) 0.00
Права за достъп disable
999 ## - СИСТЕМНИ КОНТРОЛНИ НОМЕРА
Koha biblionumber 478684
Koha biblioitemnumber 478684
942 ## - АРТИКУЛИ
Вид на библиотечния материал Книги
Скрит в OPAC Не
Периодичен библиозапис Да
944 ## - СЪЗДАВАНЕ И РЕДАКЦИЯ на ЗАПИСА
Създаване/Редакция Създаване
Дата на регистрацията/редакция 2022-11-03
Служител, извършил регистрацията/редакцията СТ
Наличности
Код за отписване Код за изгубен артикул Източник на класификационната схема Код за повреда Коз за рестрикции Код за отдаване Артикулен № Име на библиотеката - собственик Име на библиотеката, в която се намира в момента Статус (Текущо местоположение) Дата на вписване в системата Местоположение - отдел Цена в лева Инвентарен номер Систематично азбучна сигнатура Баркод Цена в евро Служебен тип на артикула
  Не е изгубен Universal Decimal Classification Не е повреден само за читалня ползва се в читалня 910930 Регионална библиотека "Любен Каравелов" Русе Регионална библиотека "Любен Каравелов" Русе Хранилище 2022-11-04 Хранилище 2.45 230407 Цб 86634 120000230407 1.25 Книги
Vip Innovations Ltd, Rousse, Bulgaria 2025